Statistics for Countries that Beat Russia

Click here to take the quiz!

General Stats

  • This quiz has been taken 45,874 times
  • The average score is 12 of 16

Answer Stats

RankCategoryCountries% Correct
2Most powerful militaryUnited States
99%
2Most oil exportsSaudi Arabia
93%
3Longest coastlineCanada | Indonesia
91%
2Longest total length of bordersChina
91%
14Lowest population density
Mongolia | Namibia | Iceland | Australia |
Suriname | Guyana | Canada | Libya |
Botswana | Mauritania | Kazakhstan |
Central African Republic | Gabon
87%
5Coldest capital cityMongolia | Kazakhstan | Iceland | Norway
86%
10Highest percent of population that is Orthodox Christian
Serbia | Moldova | Armenia | Greece |
Cyprus | Georgia | Romania |
Montenegro | Belarus
85%
4Greatest number of active volcanoesIndonesia | United States | Japan
85%
2Most wild tigersIndia
81%
2Most total rainfall received over entire territoryBrazil
77%
2Most inland surface waterCanada
70%
2Greatest contiguous north/south distanceBrazil
52%
2Most time zonesFrance
52%
6Highest volcanoArgentina | Chile | Bolivia | Peru |
Ecuador | Tanzania
48%
2Most grasslandAustralia
45%
4Greatest population loss, 1990–2020Ukraine | Romania | Bulgaria
42%

Score Distribution

Percentile by Number Answered

Percent of People with Each Score

Your Score History

You have not taken this quiz